METHODS OF CELESTIAL MECHANICS (Record no. 569676)
[ view plain ]
| 000 -LEADER | |
|---|---|
| fixed length control field | 00253nam a22001097a 4500 |
| 082 ## - DEWEY DECIMAL CLASSIFICATION NUMBER | |
| Classification number | 521 BRO'M |
| 100 ## - MAIN ENTRY--PERSONAL NAME | |
| Personal name | BROUWER, B,CLEMENCE, G. M |
| 9 (RLIN) | 59785 |
| 245 ## - TITLE STATEMENT | |
| Title | METHODS OF CELESTIAL MECHANICS |
| 260 ## - PUBLICATION, DISTRIBUTION, ETC. | |
| Place of publication, distribution, etc. | NEWYORK |
| Name of publisher, distributor, etc. | AP |
| Date of publication, distribution, etc. | 1961 |
| 300 ## - PHYSICAL DESCRIPTION | |
| Extent | 598P |
| 942 ## - ADDED ENTRY ELEMENTS (KOHA) | |
| Koha item type | Book |
| Withdrawn status | Lost status | Damaged status | Not for loan | Permanent Location | Current Location | Shelving location | Date acquired | Total Checkouts | Full call number | Barcode | Date last seen | Price effective from | Koha item type |
|---|---|---|---|---|---|---|---|---|---|---|---|---|---|
| College of Electrical & Mechanical Engineering (CEME) | College of Electrical & Mechanical Engineering (CEME) | General Stacks | 07/19/2017 | 521 BRO'M | CEME-1214 | 06/28/2021 | 06/28/2021 | Book |
